Quiz Republic of Guinea - Statistiques

Statistiques générales
  • Ce quiz a été pris 4 fois
  • Le résultat moyen est 3 sur 34
Statistiques - réponses
Hint Réponse % Correct
4 Conakry
100%
7 Dalaba
25%
15 Kankan
25%
16 Kindia
25%
20 Kouroussa
25%
22 Labé
25%
27 Mamou
25%
28 Mandiana
25%
31 Siguiri
25%
1 Beyla
0%
2 Boffa
0%
3 Boké
0%
5 Coyah
0%
6 Dabola
0%
8 Dinguiraye
0%
9 Dubréka
0%
10 Faranah
0%
11 Forécariah
0%
12 Fria
0%
13 Gaoual
0%
14 Guékedou
0%
21 Kérouané
0%
17 Kissidougou
0%
18 Koubia
0%
19 Koundara
0%
23 Lelouma
0%
24 Lola
0%
25 Macenta
0%
26 Mali
0%
29 N'zérékoré
0%
30 Pita
0%
33 Télimélé
0%
32 Tougué
0%
34 Yomou
0%
Aucun quiz correspondant
Distribution des résultats
% des personnes avec chaque résultat
Percentile par nombre de réponses
Votre historique - résultats
Vous n’avez pas pris ce quiz